Анализ структурной схемы прибора для проведения послойного контроля ферромагнитных прутков; Молодые ученые и специалисты - ускорению научно-технического прогресса

Bibliografiske detaljer
Parent link:Молодые ученые и специалисты - ускорению научно-технического прогресса.— 1986.— С. 54
Hovedforfatter: Степанов С. О.
Andre forfattere: Параева М. Х.
Sprog:russisk
Udgivet: 1986
Fag:
Format: Book Chapter
KOHA link:https://koha.lib.tpu.ru/cgi-bin/koha/opac-detail.pl?biblionumber=594958

MARC

LEADER 00000naa0a2200000 4500
001 594958
005 20250220135739.0
035 |a (RuTPU)RU\TPU\tpu\12312 
090 |a 594958 
100 |a 20050609d1986 k y0rusy50 ca 
101 0 |a rus 
102 |a RU 
200 1 |a Анализ структурной схемы прибора для проведения послойного контроля ферромагнитных прутков  |f С. О. Степанов, М. Х. Параева 
463 |t Молодые ученые и специалисты - ускорению научно-технического прогресса  |o пятая региональная научно-практическая конференция  |v С. 54  |d 1986 
610 1 |a структурные схемы 
610 1 |a приборы 
610 1 |a послойный контрль 
610 1 |a ферромагнитные прутки 
610 1 |a анализ 
610 1 |a труды учёных ТПУ 
700 1 |a Степанов  |b С. О. 
701 1 |a Параева  |b М. Х. 
801 1 |a RU  |b 63413507  |c 20050609  |g PSBO 
801 2 |a RU  |b 63413507  |c 20100426  |g RCR 
942 |c BK